Statistiques concernant Culture Générale - Série 2064

Cliquez ici pour prendre le quiz!

Statistiques générales

  • Ce quiz a été pris 75 fois
  • Le résultat moyen est 4 sur 10

Statistiques - réponses

QuestionRéponse% Correct
Quelle mesure de distance anglo-saxonne vaut environ 1609 m ?mile
79%
Quelle ville, capitale du Wisconsin a donné son nom à une danse des années 1960 ?Madison
57%
En juin 1991, qui a été élu président de la Fédération de Russie ?Boris Eltsine
56%
Quel est l'autre nom donné à l'origan (plante) ?marjolaine
40%
De quel département, Château-Chinon est-elle la sous-préfecture ?Nièvre
37%
Qui est ce corsaire, puis officier de la Marine royale, né à Dunkerque en 1650 ?Jean Bart
34%
Quel est ce roi légendaire de Mycènes et d'Argos qui fut chef des Grecs au siège de Troie ?Agamemnon
33%
Sous quel nom de scène connait-on Gordon Matthew Thomas Sumner, né le 2 octobre 1951 à Wallsend,musicien, auteur-compositeur-interprète britannique ?Sting
31%
Quel sculpteur né au 18e siècle est l'auteur de la Marseillaise sur l'Arc de Triomphe de l'Etoile ? voir photoFrançois Rude
13%
Du nom de son inventeur, quel instrument de précision permet de mesurer des épaisseurs ?palmer
0%

Distribution des résultats

Percentile par nombre de réponses

% des personnes avec chaque résultat

Votre développement - résultats

Vous n’avez pas pris ce quiz